<?xml version="1.0" encoding="UTF-8"?><?xml-stylesheet type="text/xsl" href="static/style.xsl"?><OAI-PMH xmlns="http://www.openarchives.org/OAI/2.0/" xmlns:xsi="http://www.w3.org/2001/XMLSchema-instance" xsi:schemaLocation="http://www.openarchives.org/OAI/2.0/ http://www.openarchives.org/OAI/2.0/OAI-PMH.xsd"><responseDate>2026-06-29T02:44:10Z</responseDate><request verb="GetRecord" identifier="oai:docta.ucm.es:20.500.14352/53082" metadataPrefix="marc">https://docta.ucm.es/rest/oai/request</request><GetRecord><record><header><identifier>oai:docta.ucm.es:20.500.14352/53082</identifier><datestamp>2024-11-07T14:55:13Z</datestamp><setSpec>com_20.500.14352_14</setSpec><setSpec>col_20.500.14352_21</setSpec></header><metadata><record xmlns="http://www.loc.gov/MARC21/slim" xmlns:dcterms="http://purl.org/dc/terms/" xmlns:xsi="http://www.w3.org/2001/XMLSchema-instance" xmlns:doc="http://www.lyncode.com/xoai" xsi:schemaLocation="http://www.loc.gov/MARC21/slim http://www.loc.gov/standards/marcxml/schema/MARC21slim.xsd">
   <leader>00925njm 22002777a 4500</leader>
   <datafield ind2=" " ind1=" " tag="042">
      <subfield code="a">dc</subfield>
   </datafield>
   <datafield ind2=" " ind1=" " tag="720">
      <subfield code="a">Castro Hernández, Carlos De</subfield>
      <subfield code="e">author</subfield>
   </datafield>
   <datafield ind2=" " ind1=" " tag="720">
      <subfield code="a">Escorial González, Beatriz</subfield>
      <subfield code="e">author</subfield>
   </datafield>
   <datafield ind2=" " ind1=" " tag="260">
      <subfield code="c">2005-11</subfield>
   </datafield>
   <datafield ind2=" " ind1=" " tag="520">
      <subfield code="a">Describimos una experiencia sobre el aprendizaje de la medición con niños de 4 años. Inspirados en el enfoque pedagógico de Reggio Emilia, afrontamos el proyecto de medirnos empleando el metro que trae a la escuela una niña del grupo. Partiendo del interés de niñas y niños por emplear este metro, se desarrolla un proyecto en que los pequeños recorren algunos hitos fundamentales en el
aprendizaje de la medición.
En el desarrollo del proyecto, niños y niñas parten de la vivencia de la longitud con el cuerpo: practican el salto de longitud en la sala, el lanzamiento de peso en el patio, representan sus alturas sobre papel continuo para compararse. Se crea un rincón de medida con las “cosas de medir” para después jugar con ellas. Finalmente, los niños se organizan en grupos para construir metros y terminan “reconstruyendo” el metro original y midiéndose con él.</subfield>
   </datafield>
   <datafield ind1="8" ind2=" " tag="024">
      <subfield code="a">989-557-257-3</subfield>
   </datafield>
   <datafield ind1="8" ind2=" " tag="024">
      <subfield code="a">https://hdl.handle.net/20.500.14352/53082</subfield>
   </datafield>
   <datafield ind2="0" ind1="0" tag="245">
      <subfield code="a">Aprendiendo matemáticas a través de proyectos: una experiencia inspirada en el enfoque de Reggio Emilia</subfield>
   </datafield>
</record></metadata></record></GetRecord></OAI-PMH>